Washington State Counties: Republican or Democrat? - Statistics

General Stats
  • This quiz has been taken 18 times
  • The average score is 19 of 39
Answer Stats
Question Answer % Correct
King Democrat
100%
Yakima Republican
100%
Snohomish Democrat
67%
San Juan Democrat
67%
Grays Harbor Leans Republican
67%
Benton Republican
67%
Franklin Republican
67%
Grant Republican
67%
Stevens Republican
67%
Kittitas Republican
67%
Douglas Republican
67%
Okanogan Republican
67%
Asotin Republican
67%
Adams Republican
67%
Pend Oreille Republican
67%
Lincoln Republican
67%
Ferry Republican
67%
Wahkiakum Republican
67%
Columbia Republican
67%
Garfield Republican
67%
Thurston Democrat
33%
Jefferson Democrat
33%
Pierce Leans Democrat
33%
Clark Leans Democrat
33%
Skagit Leans Democrat
33%
Island Leans Democrat
33%
Clallam Leans Democrat
33%
Spokane Leans Republican
33%
Mason Leans Republican
33%
Pacific Leans Republican
33%
Lewis Republican
33%
Chelan Republican
33%
Walla Walla Republican
33%
Klickitat Republican
33%
Kitsap Democrat
0%
Whatcom Democrat
0%
Whitman Leans Republican
0%
Cowlitz Republican
0%
Skamania Republican
0%
No matching quizzes found
Score Distribution
Percent of People with Each Score
Percentile by Number Answered
Your Score History
You have not taken this quiz